Tables showing commerce between U.S. and Dominion of Canada, with special reference to operation of tariff laws of the two countries : and other tables relating to imports of fish and fishery products; all tables being for series of years ending June 30, 1887.

Bibliographic Details
Corporate Author: United States. Department of the Treasury. Bureau of Statistics
Format: Government Document eBook
Language:English
Published: Washington : U.S. Government Printing Office, 1888.
Series:Document (United States. Department of the Treasury) ; no. 1106.
Subjects:
Online Access:Connect to the full text of this electronic document

MARC

Tag First Indicator Second Indicator Subfields
LEADER 00000cam a22000001a 4500
001 in00003630613
005 20190408152707.0
006 m o d f
007 cr bn mmmapmmp
008 970421s1888 dcu o f000 0 eng d
035 |a ebd1909113618 
040 |a UMI  |c UMI  |d UtOrBLW 
043 |a n-us---  |a n-cn--- 
086 0 |a T 37.2:C 16/2  
099 |a T3702-4 
245 0 0 |a Tables showing commerce between U.S. and Dominion of Canada, with special reference to operation of tariff laws of the two countries :  |b and other tables relating to imports of fish and fishery products; all tables being for series of years ending June 30, 1887. 
264 1 |a Washington :  |b U.S. Government Printing Office,  |c 1888. 
300 |a 1 online resource (66 pages) 
336 |a text  |b txt  |2 rdacontent 
337 |a computer  |b c  |2 rdamedia 
338 |a online resource  |b cr  |2 rdacarrier 
490 1 |a Treas. Dept. Doc. No. 1106 
500 |a Record is based on bibliographic data in ProQuest U.S. Executive Branch Documents, 1789-1909. Reuse except for individual research requires license from ProQuest, LLC. 
533 |a Electronic reproduction.  |b [Bethesda, Md.] :  |c ProQuest,  |d 2012.  |e digital, PDF file.  |n ProQuest U.S. Executive Branch Documents, 1789-1909.  |n Mode of access: World Wide Web via ProQuest website. 
538 |a System requirements: PDF reader software. 
500 |a Electronic resource. 
650 0 |a Tariff  |x Law and legislation  |z Canada.  |0 http://id.loc.gov/authorities/subjects/sh2010115453 
650 0 |a Tariff  |x Law and legislation  |z United States.  |0 http://id.loc.gov/authorities/subjects/sh2008112517 
651 0 |a Canada  |x Commerce  |z United States.  |0 http://id.loc.gov/authorities/subjects/sh85019292 
651 0 |a United States  |x Commerce  |z Canada.  |0 http://id.loc.gov/authorities/subjects/sh2007100180 
655 7 |a Electronic books.  |2 local 
710 1 |a United States.  |b Department of the Treasury.  |b Bureau of Statistics. 
776 1 8 |i Microfiche version:  |t Tables showing commerce between U.S. and Dominion of Canada, with special reference to operation of tariff laws of the two countries  |o CIS US Exec MF T3702-4  |w (ProQuest)cis19011291 
830 0 |a Document (United States. Department of the Treasury) ;  |v no. 1106.  |0 http://id.loc.gov/authorities/names/n83734140 
856 4 0 |u http://proxy.library.tamu.edu/login?url=http://congressional.proquest.com/congressional/docview/t66.d71.t3702-4  |z Connect to the full text of this electronic document  |t 0 
998 |a cis19011291 
999 f f |s 3c0169d1-ebbb-3120-9ef9-1ded3b4ac4fe  |i 3d79aee9-625c-3502-8302-4074a89f0f43  |t 0 
952 f f |a Texas A&M University  |b College Station  |c Electronic Resources  |d Available Online  |t 0  |h No information provided 
998 f f |t 0  |l Available Online